| 000 | 00752nam a22002177a 4500 | ||
|---|---|---|---|
| 003 | OSt | ||
| 005 | 20131209103134.0 | ||
| 008 | 130522s2008 sp ||||| |||| 00| 0 spa d | ||
| 020 | _a9788430948215 | ||
| 040 |
_cCDMR _bcat |
||
| 245 | 0 | 0 |
_aPara investigar la comunicación _b: propuestas teórico-metodológicas _cManuel Martínez Nicolás, coordinador ; Javier Callejo Gallego ...[et al.] |
| 260 |
_aMadrid _bTecnos _cDL 2008 |
||
| 300 | _a244 p. | ||
| 650 | 0 | 4 |
_93284 _aComunicació _xInvestigació |
| 650 | 0 | 4 |
_94289 _aComunicació _xAspectes socials |
| 650 | 0 | 4 |
_92305 _aComunicació _xAspectes polítics |
| 650 | 0 | 4 |
_9382 _aPeriodisme |
| 700 | 1 |
_93482 _aMartínez Nicolás, Manuel _ecoord. |
|
| 700 | 1 |
_93483 _aCallejo Gallego, Javier |
|
| 942 |
_2udc _cMON |
||
| 999 |
_c6291 _d6291 |
||